000 00671nam a2200229Ia 4500
003 OSt
005 20220918191858.0
006 a|||||r|||| 00| 0
007 ta
008 220917b |||||||| |||| 00| 0 eng d
024 _a65,584
037 _cTextual
040 _aARTS
_cARTS
_beng
041 _2eng
_aeng
082 _aR3p1:N55, J7
110 _aFirst World Congress Of Pythagorean Organizations (Athens) , 1955
_977477
245 0 _aProceedings ed by George Sakellariou
260 _c1957
700 _aFirst World Congress Of Pythagorean Organizations (Athens) , 1955
_977478
942 _hR3p1:N55, J7
_cTEXL
_2CC
999 _c191827
_d191827